LAS TRES VIRTUDES - CLAVE /

TRADUCCION DE: TROIS VERTUS-CLEFS

保存先:
書誌詳細
第一著者: Bars, Henri (autor)
フォーマット: 図書
主題:
タグ: タグ追加
タグなし, このレコードへの初めてのタグを付けませんか!

MARC

LEADER 00000nam^a2200000^a^4500
001 000228777
005 20250521000000.0
009 20260310104338.74
035 |a 049012 
037 |a Acervo Xavier Clavigero 
082 |a 241. 4  |b BAR 
100 |a Bars, Henri  |e (autor) 
245 1 4 |a LAS TRES VIRTUDES - CLAVE /  |c HENRY BARS; TR. J. RUIZ CALONJA 
264 |a Andorra la Vieja, Andorra :  |b Casal i Vall,  |c 1962 
300 |a 151p. 
336 |a texto  |b txt  |2 rdacontenido 
337 |a sin mediación  |b n  |2 rdamedio 
338 |a volumen  |b nc  |2 rdasoporte 
520 |a TRADUCCION DE: TROIS VERTUS-CLEFS 
649 |a XX 
650 |a Virtudes 
650 |a Fe 
650 |a Esperanza 
910 |a Fondo General 
920 |a Impresos - Libros 
930 |a Colección General 
905 |a 101 
901 |a 049012  |b IT1  |c ACC  |i 049012  |u 20250521 
902 |a https://opac.biblio.iteso.mx/vufind/Record/000228777